[Event "Dortmund"]
[Site "Dortmund"]
[Date "1979.??.??"]
[Round "6"]
[White "Giorgadze, Tamaz"]
[Black "Miles, Anthony J"]
[Result "1-0"]
[WhiteElo "2535"]
[BlackElo "2560"]

1.e4 c5 2.Nf3 d6 3.d4 cxd4 4.Nxd4 Nf6 5.Nc3 g6 6.Be3 Bg7 7.f3 O-O 8.Bc4 Bd7
9.Qd2 Nc6 10.h4 Rc8 11.Bb3 h5 12.O-O-O Ne5 13.Bg5 Rc5 14.g4 hxg4 15.Bxf6 Bxf6
16.h5 g5 17.Nd5 e6 18.Nxf6+ Qxf6 19.fxg4 Rd8 20.Rhf1 Qe7 21.Kb1 b5 22.a3 Bc6
23.Qe2 a5 24.Rf2 Rb8 25.Nxc6 Rxc6 26.Qd2 b4 27.a4 Rf8 28.Rdf1 f6 29.Qe2 Kg7
30.Rd1 Rc5 31.Rff1 Rfc8 32.Qg2 Nd7 33.Rd4 Re5 34.Rfd1 Rc6 35.Qf3 Nc5 36.Rf1 Rc8
37.Rxd6 Rxe4 38.Rfd1 Re1 39.h6+ Kg6 40.Rxe1 Qxd6 41.Bxe6 Nxe6 42.Qf5+  1-0

[Event "Dortmund"]
[Site "Dortmund"]
[Date "1979.??.??"]
[Round "7"]
[White "Miles, Anthony J"]
[Black "Schussler, Harry"]
[Result "1-0"]
[WhiteElo "2560"]
[BlackElo "2460"]

1.d4 g6 2.e4 Bg7 3.Nc3 d6 4.Nf3 Nf6 5.Be2 O-O 6.O-O Bg4 7.Be3 Nc6 8.Qd2 Re8
9.Rad1 e5 10.dxe5 dxe5 11.h3 Bxf3 12.Bxf3 a6 13.Na4 Qe7 14.c3 Red8 15.Qc2 Nd7
16.b4 Bf6 17.Bg4 Nf8 18.Nc5 h5 19.Be2 Rab8 20.Bc4 Rxd1 21.Rxd1 Nd8 22.Rd3 Bg5
23.Bxg5 Qxg5 24.Nd7 Rc8 25.Nxf8 Kxf8 26.Qd1 Ke8 27.a4 Qe7 28.Qd2 Ne6 29.Qh6 Qg5
30.Qh8+ Nf8 31.Rf3  1-0

[Event "Dortmund"]
[Site "Dortmund"]
[Date "1979.??.??"]
[Round "10"]
[White "Gerusel, Mathias"]
[Black "Miles, Anthony J"]
[Result "1-0"]
[WhiteElo "2425"]
[BlackElo "2560"]

1.d4 e6 2.e4 d5 3.exd5 exd5 4.Bd3 Bd6 5.Ne2 Qh4 6.Nd2 Bg4 7.Nf1 Ne7 8.Nfg3 Nbc6
9.c3 h5 10.Be3 Qf6 11.h3 Bd7 12.h4 Bg4 13.Qd2 Qe6 14.Bf4 O-O-O 15.Qe3 Qxe3
16.Bxe3 Rde8 17.Kd2 Na5 18.b3 b6 19.Bf4 Nb7 20.f3 Bd7 21.Ba6 Ba3 22.b4 Ng6
23.Rab1 Ba4 24.Bd3 a5 25.Bf5+ Kb8 26.Bxg6 fxg6 27.Be5 Re6 28.Nf4 Rc6 29.b5 Rd6
30.Bxd6 Nxd6 31.Nxd5 Re8 32.Ne3 Bxb5 33.Rb3 a4 34.Rxa3 Rxe3 35.Kxe3 Nc4+
36.Kf4 Nxa3 37.Ne4 Bc4 38.Nd2 Bf7 39.Rc1 Nb5 40.Rc2 Kb7 41.Ke5 Kc6 42.c4 Nd6
43.d5+ Kd7 44.g4 c5 45.Ne4 Nc8 46.Rc3 g5 47.Nxg5 Bg6 48.Ne4 Ne7 49.Kf4 b5
50.Nxc5+ Kd6  1-0

[Event "Dortmund"]
[Site "Dortmund"]
[Date "1979.??.??"]
[Round "11"]
[White "Miles, Anthony J"]
[Black "Nikolac, Juraj"]
[Result "0-1"]
[WhiteElo "2560"]
[BlackElo "2450"]

1.e4 e5 2.Nf3 Nc6 3.Bc4 Bc5 4.c3 Nf6 5.d3 d6 6.b4 Bb6 7.a4 a5 8.b5 Ne7 9.O-O O-O
10.Nbd2 Ng6 11.Ba2 c6 12.Ba3 Re8 13.Qc2 Bc7 14.Rfe1 Nh5 15.d4 Nhf4 16.Rab1 Qf6
17.b6 Bd8 18.Bc4 Bg4 19.Re3 Nf8 20.Bf1 exd4 21.Nxd4 d5 22.Rg3 Bh5 23.Nf5 Bg6
24.Nd6 Re7 25.c4 N8e6 26.Nf5 Bxf5 27.Bxe7 Qxe7 28.cxd5 cxd5 29.exf5 Nd4 30.Qa2 Nfe2+
31.Kh1 Nxg3+ 32.hxg3 Qd6 33.Bd3 Bxb6 34.Qb2 Bc5 35.Qxb7 Re8 36.Nf1 Nc6 37.Qb2 Ne5
38.Bb5 Ng4 39.Qd2 Nxf2+ 40.Kh2 Ng4+ 41.Kh3 Nf2+ 42.Kh2 Re4  0-1

[Event "Johannesburg"]
[Site "Johannesburg"]
[Date "1979.??.??"]
[Round "?"]
[White "Miles, Anthony J"]
[Black "Unzicker, Wolfgang"]
[Result "1/2-1/2"]
[WhiteElo "2560"]
[BlackElo "2530"]

1.c4 Nf6 2.Nf3 b6 3.d4 e6 4.Bf4 Bb7 5.e3 Bb4+ 6.Nfd2 O-O 7.a3 Be7 8.Nc3 d5
9.cxd5 Nxd5 10.Nxd5 Bxd5 11.Qc2 c5 12.dxc5 Bxc5 13.Ne4 Nd7 14.Rd1 Qc8 15.Bd3 Bxe4
16.Bxe4 Nf6 17.Bd3 Be7 18.Qe2 Qc5 19.h3 Nd5 20.Bg3 Rad8 21.O-O Bd6 22.Rc1 Qa5
23.Bxd6 Rxd6 24.Rfd1 Rfd8 25.Bb5 Ne7 26.Rxd6 Rxd6 27.Rc3 Rd5 28.a4 Qb4 29.Rc7 a5
30.g3 g6 31.Kg2 Qd6 32.Rd7 Qc5 33.Ra7 Rd8 34.Qf3 Nf5 35.e4  1/2-1/2

[Event "Lone Pine op"]
[Site "Lone Pine"]
[Date "1979.??.??"]
[Round "1"]
[White "Miles, Anthony J"]
[Black "Silman, Jeremy D"]
[Result "1-0"]
[WhiteElo "2560"]
[BlackElo "2370"]

1.d4 Nf6 2.Nf3 e6 3.c4 d5 4.Nc3 Bb4 5.Bg5 h6 6.Bxf6 Qxf6 7.e3 O-O 8.Qb3 c5
9.cxd5 exd5 10.a3 Bxc3+ 11.Qxc3 Nd7 12.Be2 c4 13.b3 cxb3 14.Qxb3 Qd6 15.Qb4 Qb8
16.O-O Nf6 17.Rfc1 Bg4 18.Rab1 Bf5 19.Rb3 Rc8 20.Rxc8+ Bxc8 21.Qe7 Bd7 22.Ne5 Qe8
23.Qxe8+ Bxe8 24.Rxb7 Rc8 25.f3 a5 26.Bb5 Rc3 27.a4 Rxe3 28.Ra7 Bxb5 29.axb5 Ra3
30.b6 Rb3 31.b7 Kh7 32.Nc6 Nd7 33.Nxa5 Rb4 34.Ra8 Rb5 35.Rd8 Rxa5 36.Rxd7 Rb5
37.Rxf7 Kg6 38.Rc7 Kf6 39.h4  1-0

[Event "Lone Pine op"]
[Site "Lone Pine"]
[Date "1979.??.??"]
[Round "2"]
[White "Ree, Hans"]
[Black "Miles, Anthony J"]
[Result "1/2-1/2"]
[WhiteElo "2480"]
[BlackElo "2560"]

1.d4 d5 2.c4 dxc4 3.Nf3 Nf6 4.e3 Bg4 5.Bxc4 e6 6.h3 Bh5 7.O-O Nbd7 8.b3 c5
9.Be2 cxd4 10.Nxd4 Bxe2 11.Qxe2 Bc5 12.Bb2 O-O 13.Rd1 a6 14.Nc3 Qe7 15.Na4 Ba7
16.Rac1 Rac8  1/2-1/2

[Event "Lone Pine op"]
[Site "Lone Pine"]
[Date "1979.??.??"]
[Round "5"]
[White "Miles, Anthony J"]
[Black "Diesen, Mark C"]
[Result "1/2-1/2"]
[WhiteElo "2560"]
[BlackElo "2460"]

1.c4 e5 2.Nc3 Nf6 3.Nf3 Nc6 4.e3 Bb4 5.Nd5 a5 6.a3 Be7 7.d4 d6 8.Be2 O-O
9.b3 Re8 10.Bb2 Bf8 11.Qc2 exd4 12.Nxd4 Nxd5 13.cxd5 Nxd4 14.Bxd4 Qg5 15.Bf3 Bg4
16.Bxg4 Qxg4 17.O-O Qd7 18.Rfc1 Rec8 19.a4 c5 20.Bc3 b5 21.Qd2 Rcb8 22.Ra2 Rb7
23.e4 Re8 24.Re1 f5 25.e5 dxe5 26.Bxe5 c4 27.bxc4 Bb4 28.Bc3 Rxe1+ 29.Qxe1 bxc4
30.Rb2 h6 31.Qe6+  1/2-1/2

[Event "Hoogovens"]
[Site "Wijk aan Zee"]
[Date "1979.??.??"]
[Round "1"]
[White "Huebner, Robert"]
[Black "Miles, Anthony J"]
[Result "1/2-1/2"]
[WhiteElo "2595"]
[BlackElo "2560"]

1.d4 d5 2.c4 dxc4 3.Nf3 Nf6 4.e3 Bg4 5.Bxc4 e6 6.h3 Bh5 7.Nc3 Nbd7 8.O-O Bd6
9.Be2 O-O 10.e4 e5 11.dxe5 Nxe5 12.Nd4 Bc5 13.Bxh5 Bxd4 14.Nd5 c5 15.Bg5 Ned7
16.Re1 h6 17.Bh4 Re8 18.Bf3 Qb8 19.Kh1 Nxd5 20.exd5 Qd6 21.Qc2 Bf6 22.Bxf6 Nxf6
23.Qb3 Rab8 24.a4 Re7 25.Rxe7 Qxe7 26.a5 Qd6 27.Qb5 Nd7 28.g3 a6 29.Qe2 Kf8
30.Qc2 g6 31.Qd2 Kg7 32.Re1 b5 33.axb6 Rxb6 34.Re3 Qf6 35.b3 Rb4 36.Kg2 a5
37.d6 a4 38.bxa4 Rxa4 39.Bc6 Rd4 40.Qc3 Rxd6 41.Bxd7  1/2-1/2

[Event "Hoogovens"]
[Site "Wijk aan Zee"]
[Date "1979.??.??"]
[Round "2"]
[White "Miles, Anthony J"]
[Black "Sosonko, Gennadi"]
[Result "1/2-1/2"]
[WhiteElo "2560"]
[BlackElo "2535"]

1.d4 Nf6 2.Nf3 d5 3.c4 e6 4.e3 c5 5.cxd5 exd5 6.Nc3 Nc6 7.Be2 cxd4 8.Nxd4 Bd6
9.O-O O-O 10.b3 Be5 11.Nxc6 bxc6 12.Bb2 Qd6 13.g3 Bh3 14.Re1 Rad8 15.Bf3 Qe6
16.Na4 Ne4 17.Bxe5  1/2-1/2

[Event "Hoogovens"]
[Site "Wijk aan Zee"]
[Date "1979.??.??"]
[Round "6"]
[White "Miles, Anthony J"]
[Black "Nikolac, Juraj"]
[Result "1-0"]
[WhiteElo "2560"]
[BlackElo "2450"]

1.e4 e6 2.d4 d5 3.Nd2 b6 4.exd5 exd5 5.Ndf3 Bd6 6.Bd3 Bg4 7.c3 Nd7 8.Qc2 Ngf6
9.Bg5 h6 10.Be3 c5 11.h3 Be6 12.Ne2 c4 13.Bf5 Bxf5 14.Qxf5 g6 15.Qc2 Qc7
16.Qc1 g5 17.Nd2 O-O-O 18.Qc2 Rde8 19.Qf5 Qc6 20.h4 g4 21.Nf1 Bc7 22.Nfg3 Qe6
23.O-O Ne4 24.Rae1 Ndf6 25.Qxe6+ fxe6 26.Nxe4 Nxe4 27.f3 gxf3 28.Rxf3 Reg8
29.Nf4 Rg4 30.Nxe6 Bg3 31.Ref1 Rxh4 32.Bf4 Rg8 33.Re3 Kd7 34.Bxg3 Rxg3 35.Nf8+ Ke8
36.Rff3 Rxf3 37.Rxf3 Rg4 38.Ne6 Kd7 39.Nf4 Kd6 40.Ne2 Rg7 41.Rf5 Rg5 42.Rf7 a5
43.Nf4 Rg4 44.Rf5 Rg5 45.Rf8 Rg4 46.Rf5 Rg5 47.Rf7 Rg4 48.a4 Kc6 49.Rf5 Nd6
50.Rf6 Rh4 51.g3 Rg4 52.Kg2 h5 53.Nxh5 Kd7 54.Kf3 Rg8 55.Nf4 Rxg3+ 56.Kxg3 Ne4+
57.Kg4 Nxf6+ 58.Kf5 Ne4 59.Nxd5 Nd6+ 60.Ke5 Nf7+ 61.Kf6  1-0

[Event "Hoogovens"]
[Site "Wijk aan Zee"]
[Date "1979.??.??"]
[Round "10"]
[White "Ree, Hans"]
[Black "Miles, Anthony J"]
[Result "1/2-1/2"]
[WhiteElo "2480"]
[BlackElo "2560"]

1.c4 b6 2.d4 e6 3.e4 Bb7 4.f3 f5 5.exf5 Nh6 6.fxe6 Nf5 7.Ne2 Bd6 8.h4 O-O
9.Nbc3 Qf6 10.c5 Be7 11.exd7 Qf7 12.Qb3 Qxb3 13.axb3 Nxd7 14.b4 Bxh4+ 15.Kd1 Rfd8
16.Kc2 Bf6 17.Nb5 Nf8 18.Nxc7 Rac8 19.Nb5 a6 20.Na7 Ra8 21.c6 Rxa7 22.cxb7 Rxb7
23.Rxa6 Ne6 24.Kb1 h6 25.g4 Nfxd4 26.Nxd4 Rxd4 27.Ra8+ Kf7 28.Rc8 b5 29.Rh5 Bg5
30.Rh2 Bxc1 31.Rxc1 Rxb4 32.Bd3 Rd4 33.Be4 Re7 34.Bc2 Kf6 35.Bb3 Rd3 36.Bxe6 Rxe6
37.Rf2 b4 38.Kc2 Ree3 39.f4 b3+ 40.Kb1 Rd6 41.Rff1 Rg3 42.Rc3 Rxc3 43.bxc3 Rd2
44.c4 Rg2 45.g5+ hxg5 46.fxg5+ Kxg5 47.Rc1 Kf6 48.Rc3 b2 49.Re3 g5 50.c5 Rh2
51.c6 g4 52.Rc3 Rh8 53.Kxb2 Ke6 54.Kc2 Rg8 55.c7 Rc8  1/2-1/2

[Event "Baerum"]
[Site "Baerum"]
[Date "1980.??.??"]
[Round "1"]
[White "Miles, Anthony J"]
[Black "Morris, Walter D"]
[Result "0-1"]
[WhiteElo "2545"]
[BlackElo "2380"]

1.d4 Nf6 2.c4 g6 3.Nc3 Bg7 4.e4 d6 5.f3 O-O 6.Bg5 c5 7.d5 e6 8.Nge2 h6 9.Be3 exd5
10.cxd5 b6 11.Qd2 Kh7 12.g4 Nbd7 13.Ng3 Ne5 14.Be2 Ba6 15.h4 Bxe2 16.Qxe2 c4
17.g5 Nd3+ 18.Kd2 Ng8 19.gxh6 Be5 20.f4 Nxf4 21.Qxc4 Nf6 22.Raf1 N6h5 23.Nxh5 Nxh5
24.Rf3 b5 25.Qc6 b4 26.Ne2 Nf6 27.Kd3 Qe7 28.Bg5 Bxb2 29.e5 Bxe5 30.Rhf1 Rac8
31.Qa6 Rfe8 32.Re3 Qc7 33.Rc1 Qd7 34.Rxe5 Rxc1 35.Rxe8 Qf5+ 36.Kd2 Rc2+ 37.Kd1 Rb2
38.Nd4 Qb1+ 39.Bc1 Nxe8 40.Qc4 f5 41.Nf3 Qxa2 42.Ng5+ Kxh6 43.Ne4+ Kh7 44.Qd4 Rh2  0-1

[Event "Baerum"]
[Site "Baerum"]
[Date "1980.??.??"]
[Round "4"]
[White "Mariotti, Sergio"]
[Black "Miles, Anthony J"]
[Result "1/2-1/2"]
[WhiteElo "2500"]
[BlackElo "2545"]

1.e4 c5 2.Nf3 d6 3.d4 cxd4 4.Qxd4 Nf6 5.e5 Nc6 6.Bb5 Qa5+ 7.Nc3 Qxb5 8.Nxb5 Nxd4
9.Nfxd4 dxe5 10.Ne2 Nd5 11.Nec3 Nxc3 12.Nc7+ Kd8 13.Nxa8 Nd5 14.O-O b5 15.b4 Bd7
16.Bd2 Kc8 17.a4 Kb7 18.axb5 Bxb5 19.c4 Bxc4 20.Rfc1 Bd3 21.Ra3 e4 22.Bf4 e5
23.Ra5 Nxf4 24.Rc7+ Kxa8 25.Raxa7+  1/2-1/2

[Event "Baerum"]
[Site "Baerum"]
[Date "1980.??.??"]
[Round "7"]
[White "Miles, Anthony J"]
[Black "Ogaard, Leif"]
[Result "1-0"]
[WhiteElo "2545"]
[BlackElo "2445"]

1.Nf3 Nf6 2.c4 c5 3.g3 e6 4.Bg2 Nc6 5.O-O d5 6.cxd5 Nxd5 7.d4 Be7 8.dxc5 Bxc5
9.a3 O-O 10.Qc2 Bb6 11.Rd1 Qe7 12.b4 Bd7 13.Bb2 Rac8 14.Qb3 Rfd8 15.Nbd2 Be8
16.Nc4 Bc7 17.Rac1 Nb6 18.Rxd8 Rxd8 19.b5 Nb8 20.Na5 Bd6 21.Nd4 Be5 22.e3 Nd5
23.a4 Rd7 24.Rc8 Rd8 25.Rxd8 Qxd8 26.Nxb7 Qd7 27.Nc5 Qc7 28.Ndxe6  1-0

[Event "Baerum"]
[Site "Baerum"]
[Date "1980.??.??"]
[Round "8"]
[White "Cramling, Dan"]
[Black "Miles, Anthony J"]
[Result "1/2-1/2"]
[WhiteElo "2330"]
[BlackElo "2545"]

1.c4 b6 2.d4 Bb7 3.Nc3 e6 4.Nf3 Bb4 5.Qb3 c5 6.a3 Ba5 7.dxc5 Na6 8.c6 dxc6
9.Qc2 c5 10.Bd2 Nf6 11.g3 Bxf3 12.exf3 O-O 13.f4 Qd4 14.Rd1 Rad8 15.Nb5 Qd7
16.Bg2 Bxd2+ 17.Rxd2 Qe7 18.O-O Rxd2 19.Qxd2 Rd8 20.Qe2 Nb8 21.Rd1 a6 22.Rxd8+ Qxd8
23.Nc3 Kf8 24.Qe5 Ng4 25.Qe4 Qd2 26.Qe2 Qc1+ 27.Qd1 Qxd1+ 28.Nxd1 Ke7 29.Nc3 Nf6
30.Kf1 Kd6 31.Ke2 Kc7 32.Ne4 Nc6 33.Nxf6 Nd4+ 34.Kd3 gxf6 35.Bf1 f5 36.h4 Kd6
37.Bg2 f6 38.Bh1 e5 39.fxe5+ fxe5 40.Bd5 e4+ 41.Ke3 Ke5 42.Bb7 a5 43.Bc8 h6
44.Bb7 Nf3 45.Ba6 Ne1 46.Bb5 Ng2+ 47.Ke2 f4 48.Kf1 f3 49.Bc6 Kd4 50.a4  1/2-1/2

[Event "Baerum"]
[Site "Baerum"]
[Date "1980.??.??"]
[Round "9"]
[White "Miles, Anthony J"]
[Black "Bellin, Jana"]
[Result "1-0"]
[WhiteElo "2545"]
[BlackElo "2220"]

1.c4 e5 2.Nc3 Nc6 3.e3 Nf6 4.Nf3 d5 5.cxd5 Nxd5 6.Bb5 Nxc3 7.bxc3 Bd7 8.O-O Bd6
9.d4 O-O 10.Bxc6 Bxc6 11.dxe5 Bxf3 12.Qxf3 Bxe5 13.Ba3 Re8 14.Qxb7 Qh4 15.g3 Qa4
16.Qb4 Qxb4 17.Bxb4 a5 18.Bc5 Bxc3 19.Rac1 Be5 20.Rfd1 f5 21.Rd7 Rad8 22.Rcd1 Bd6
23.Rxd8 Rxd8 24.Rd5 Rb8 25.Bxd6 Rb1+ 26.Kg2 cxd6 27.Rxf5 a4 28.Rf4 a3 29.Ra4 Kf7
30.Rxa3 Rb2 31.Ra5 Kf6 32.h4 h6 33.a4 Ra2 34.h5 Ke6 35.g4 Kf6 36.Kg3 Ke6
37.Ra7 Kf6 38.Rd7 Rxa4 39.Rxd6+ Kf7 40.f3  1-0

[Event "Gausdal Int"]
[Site "Gausdal"]
[Date "1980.??.??"]
[Round "?"]
[White "Renman, Nils Gustaf"]
[Black "Miles, Anthony J"]
[Result "1/2-1/2"]
[WhiteElo "2425"]
[BlackElo "2545"]

1.d4 Nf6 2.Nf3 e6 3.c4 b6 4.g3 Ba6 5.b3 Bb4+ 6.Bd2 Be7 7.Bg2 d5 8.cxd5 exd5
9.O-O O-O 10.Nc3 Bb7 11.Bf4 Na6 12.Qc2 c5 13.Rfd1 Qd7 14.dxc5 bxc5 15.Rac1 Rad8
16.Bg5 Qe6 17.Ne1 Nb4 18.Qb1 h6 19.Bxf6 Bxf6 20.e3 Bxc3 21.Rxc3 d4 22.exd4 cxd4
23.Rc4 Bxg2 24.Nxg2 Nc6 25.Nf4 Qf6 26.Qe4 Ne5 27.Ra4 Rfe8 28.Kg2 d3 29.Nd5 Qd6
30.Ne3 d2 31.Nf5 Qd3 32.Qxd3 Nxd3 33.Rd4 Rxd4 34.Nxd4 Re4 35.Nb5 Re2 36.Kf3 Re5
37.Nc3 g5 38.g4 f5 39.gxf5 h5 40.h3 Rc5 41.Ne4 Rxf5+ 42.Ke3 Nf4  1/2-1/2

[Event "Gausdal Int"]
[Site "Gausdal"]
[Date "1980.??.??"]
[Round "?"]
[White "Miles, Anthony J"]
[Black "Lind, Jan Olov"]
[Result "1-0"]
[WhiteElo "2545"]
[BlackElo "2310"]

1.d4 Nf6 2.c4 g6 3.Nc3 Bg7 4.e4 d6 5.Nf3 O-O 6.Be2 e5 7.O-O Nc6 8.d5 Ne7
9.Ne1 Nd7 10.Bd2 f5 11.Rc1 Nf6 12.f3 f4 13.c5 dxc5 14.Na4 b6 15.b4 cxb4 16.Qb3 Kh8
17.Bxb4 Ne8 18.Nd3 g5 19.Nab2 a5 20.Ba3 Ba6 21.Nc4 Bxc4 22.Qxc4 Rg8 23.Qc3 Ng6
24.Qc6 Bf8 25.Bb2 Bd6 26.Nf2 Nf6 27.Rc3 Qe7 28.Rfc1 Raf8 29.Qa4 Rg7 30.Ba3 Bxa3
31.Rxa3 h5 32.Rc6 Ne8 33.Re6 Qd8 34.Nd3 Nd6 35.Nxe5 Nxe5 36.Rxe5 Qf6 37.Re6 Qb2
38.Rh6+ Kg8 39.Bf1 b5 40.Rb3 Qc1 41.Qd4 Nc4 42.Qc3 Qd1 43.Qd3 Qa1 44.Rxb5 Ne3
45.Rxa5 Nxf1 46.Qxf1 Qd4+ 47.Kh1 Rb8 48.Rc6 g4 49.Rac5 gxf3 50.gxf3 Rb2 51.Rc2 Rxc2
52.Rxc2 Kh8 53.Rg2 Rxg2 54.Kxg2 Qb2+ 55.Kh3 Qxa2 56.Qb5 Qf2 57.Qb8+  1-0

[Event "Gausdal Int"]
[Site "Gausdal"]
[Date "1980.??.??"]
[Round "?"]
[White "Miles, Anthony J"]
[Black "Karlsson, Lars"]
[Result "1-0"]
[WhiteElo "2545"]
[BlackElo "2405"]

1.d4 e6 2.c4 Nf6 3.Nf3 b6 4.a3 d5 5.Nc3 Be7 6.cxd5 exd5 7.g3 O-O 8.Bg2 Bb7
9.O-O Nbd7 10.Bf4 c6 11.b4 a5 12.Qb3 b5 13.Rac1 axb4 14.axb4 Ra6 15.Ra1 Qb6
16.Rxa6 Qxa6 17.Ne1 Nb6 18.Nc2 Nc4 19.Ra1 Qb6 20.e4 dxe4 21.Nxe4 Nd5 22.Bc1 Bc8
23.Nc5 Bf5 24.Ne3 Ncxe3 25.fxe3 Bxc5 26.bxc5 Qd8 27.e4 Nf6 28.Qd3 Be6 29.Bb2 Bc4
30.Qf3 Re8 31.Qf4 Bd3 32.d5 Nxe4 33.dxc6 Qd5 34.Qe5 Qxc5+ 35.Qxc5 Nxc5 36.c7 Na4
37.Bc6 Rc8 38.Be5 Bf5 39.Rd1 f6 40.Rd8+ Kf7 41.Be8+ Ke7 42.Bd6+ Ke6 43.Bd7+ Kxd6
44.Bxf5+  1-0

[Event "Gausdal Int"]
[Site "Gausdal"]
[Date "1980.??.??"]
[Round "?"]
[White "Donaldson, John W"]
[Black "Miles, Anthony J"]
[Result "0-1"]
[WhiteElo "2360"]
[BlackElo "2545"]

1.e4 c5 2.Nf3 e6 3.c3 d5 4.exd5 Qxd5 5.d4 Nc6 6.Bd3 Nf6 7.O-O cxd4 8.cxd4 Qd6
9.Nc3 Be7 10.Nb5 Qd8 11.Bf4 O-O 12.Bc7 Qd7 13.Ne5 Nxe5 14.dxe5 Nd5 15.Bd6 a6
16.Bxe7 Qxe7 17.Nd6 Qg5 18.Re1 Bd7 19.Be4 Bc6 20.Qd3 Qh6 21.Rad1 Rad8 22.Qg3 Rd7
23.f4 Qxf4 24.Qh3 g6 25.g3 Qxe5 26.Bxg6 Qg7 27.Bxf7+ Rdxf7 28.Nxf7 Rxf7 29.Qxe6 Qxb2
30.Qc8+ Rf8 31.Qe6+ Kg7 32.Qe5+ Qxe5 33.Rxe5 Nc3 34.Rd2 Rf3 35.Rc2 Nd5  0-1

[Event "Malta ol (Men)"]
[Site "La Valetta"]
[Date "1980.??.??"]
[Round "?"]
[White "Liberzon, Vladimir M"]
[Black "Miles, Anthony J"]
[Result "0-1"]
[WhiteElo "2545"]
[BlackElo "2545"]

1.d4 Nf6 2.c4 e6 3.Nf3 b6 4.e3 Bb7 5.Bd3 Ne4 6.Nbd2 f5 7.Qc2 Nxd2 8.Bxd2 Bxf3
9.gxf3 Qh4 10.d5 Be7 11.O-O-O O-O 12.e4 Qh5 13.dxe6 dxe6 14.c5 Nd7 15.exf5 exf5
16.Bc4+ Kh8 17.cxb6 cxb6 18.Bc3 Rad8 19.f4 Qf3 20.Kb1 Bf6 21.Bxf6 Nxf6 22.Be6 g6
23.Rxd8 Rxd8 24.Re1 Qxf4 25.Qc3 Kg7 26.Bb3 Qxf2 27.Re7+ Kh6 28.a4 Rd4 29.Rxa7 b5
30.axb5 Nd5 31.Qh3+ Rh4 32.Qg3 Qf1+ 33.Kc2 Nb4+ 34.Kd2 Rd4+ 35.Kc3 Re4 36.Bc2 Qc4+
37.Kd2 Qxc2+  0-1

[Event "Malta ol (Men)"]
[Site "La Valetta"]
[Date "1980.??.??"]
[Round "?"]
[White "Liu Wenzhe"]
[Black "Miles, Anthony J"]
[Result "1/2-1/2"]
[WhiteElo "2430"]
[BlackElo "2545"]

1.e4 c5 2.Nf3 e6 3.d4 cxd4 4.Nxd4 a6 5.Be2 Qc7 6.O-O Nf6 7.Qd3 d6 8.f4 Nbd7
9.Nc3 b5 10.Bf3 Bb7 11.a3 Be7 12.Kh1 O-O 13.Qe2 Rfd8 14.f5 e5 15.Nb3 d5 16.exd5 Nb6
17.d6 Bxd6 18.Bxb7 Qxb7 19.Bg5 Be7 20.Bxf6 Bxf6 21.Ne4 Qe7 22.Nxf6+ Qxf6
23.Nd2 Qc6 24.Rac1 f6 25.c4 bxc4 26.Nxc4 Rac8 27.Nxb6 Qxc1 28.Nxc8 Qxc8 29.h3 h6
30.b4  1/2-1/2

[Event "Malta ol (Men)"]
[Site "La Valetta"]
[Date "1980.??.??"]
[Round "?"]
[White "Ljubojevic, Ljubomir"]
[Black "Miles, Anthony J"]
[Result "0-1"]
[WhiteElo "2590"]
[BlackElo "2545"]

1.e4 c5 2.Nf3 d6 3.d4 cxd4 4.Nxd4 Nf6 5.Nc3 g6 6.Be3 Bg7 7.f3 Nc6 8.Qd2 O-O
9.Bc4 Bd7 10.h4 Rc8 11.Bb3 h5 12.O-O-O Ne5 13.Bg5 Rc5 14.f4 Nc4 15.Qd3 b5
16.e5 Ng4 17.Ne4 Rc8 18.exd6 f6 19.Rhe1 exd6 20.Nxd6 Kh7 21.f5 Nxd6 22.fxg6+ Kh8
23.Bf4 Ne5 24.Bxe5 fxe5 25.Nf3 e4 26.Qxd6 exf3 27.Re7 Bg4 28.Qe5 Qxd1+ 29.Kxd1 fxg2+
30.Kd2 Rfd8+ 31.Bd5 Rxd5+  0-1

[Event "Malta ol (Men)"]
[Site "La Valetta"]
[Date "1980.??.??"]
[Round "?"]
[White "Miles, Anthony J"]
[Black "Hort, Vlastimil"]
[Result "1/2-1/2"]
[WhiteElo "2545"]
[BlackElo "2595"]

1.d4 Nf6 2.c4 e6 3.Nf3 c5 4.e3 d5 5.Nc3 Nc6 6.dxc5 Bxc5 7.a3 a5 8.b3 O-O
9.Bb2 Qe7 10.cxd5 Rd8 11.Be2 exd5 12.Nb5 Bf5 13.O-O Be4 14.Rc1 Nd7 15.Qd2 Rac8
16.Nfd4 Bb6 17.Ba1 h6 18.Qb2 Nxd4 19.Nxd4 Qg5 20.Nf3 Bxf3 21.Bxf3 Rxc1 22.Qxc1 Ne5
23.Be2 Nc6 24.Bf3 d4 25.exd4 Nxd4 26.Bxd4 Qxc1 27.Rxc1 Bxd4  1/2-1/2

[Event "Malta ol (Men)"]
[Site "La Valetta"]
[Date "1980.??.??"]
[Round "?"]
[White "Andersson, Ulf"]
[Black "Miles, Anthony J"]
[Result "1-0"]
[WhiteElo "2590"]
[BlackElo "2545"]

1.Nf3 b6 2.g3 Bb7 3.Bg2 c5 4.b3 g6 5.Bb2 Nf6 6.c4 Bg7 7.O-O O-O 8.Nc3 Na6
9.d4 d5 10.Ne5 e6 11.dxc5 bxc5 12.cxd5 exd5 13.Nd3 Qe7 14.Na4 Rac8 15.Rc1 Rfd8
16.Ba3 Ne4 17.Qe1 d4 18.Ndxc5 Naxc5 19.Nxc5 Bd5 20.Nxe4 Qxa3 21.Rxc8 Rxc8
22.Qd2 Bxe4 23.Bxe4 a5 24.Bd3 Qb4 25.Qf4 Rc5 26.Bc4 Rf5 27.Qe4 Qd2 28.a4 h5
29.Qe8+ Bf8 30.Bd3 Rc5 31.Qd7 Re5 32.h4 Bg7 33.Bc4 Rf5 34.Qe8+ Bf8 35.Bd3 Rc5
36.Qd8 Re5 37.Bc4 Rf5 38.Kg2 g5 39.Bd3 Re5 40.hxg5 Qxg5 41.Qxd4 Bg7 42.Qc4 Rc5
43.Qe4  1-0

[Event "Malta ol (Men)"]
[Site "La Valetta"]
[Date "1980.??.??"]
[Round "?"]
[White "Miles, Anthony J"]
[Black "Sznapik, Aleksander"]
[Result "1/2-1/2"]
[WhiteElo "2545"]
[BlackElo "2460"]

1.d4 Nf6 2.c4 g6 3.Nc3 Bg7 4.e4 d6 5.Nf3 O-O 6.Be2 e5 7.O-O Nc6 8.d5 Ne7
9.Ne1 Nd7 10.Bd2 f5 11.Rc1 c5 12.f4 exf4 13.Bxf4 Ne5 14.Qd2 fxe4 15.Nxe4 Bf5
16.Nf2 Qb6 17.g4 Bd7 18.Ned3 Nxd3 19.Nxd3 Rae8 20.h3 Nxd5 21.cxd5 c4+ 22.Nf2 Qd4
23.Qxd4 Bxd4 24.Bxd6 Rxf2 25.Rxf2 Rxe2 26.Bg3 b5 27.b3 Bxf2+ 28.Bxf2 cxb3
29.axb3 Rd2  1/2-1/2

[Event "Malta ol (Men)"]
[Site "La Valetta"]
[Date "1980.??.??"]
[Round "?"]
[White "Portisch, Lajos"]
[Black "Miles, Anthony J"]
[Result "1-0"]
[WhiteElo "2655"]
[BlackElo "2545"]

1.c4 b6 2.Nc3 Bb7 3.d4 e6 4.a3 f5 5.Nh3 Nf6 6.f3 Nc6 7.e3 g6 8.Be2 Bg7 9.O-O O-O
10.b4 Qe7 11.Re1 Nd8 12.Bb2 Nf7 13.Bf1 c5 14.bxc5 bxc5 15.Rb1 d6 16.dxc5 dxc5
17.Ba1 Bc6 18.Nf2 Rad8 19.Qc2 Ng5 20.Be2 e5 21.Rbd1 e4 22.f4 Ne6 23.Qa2 Nc7
24.Nb5 a6 25.Nxc7 Qxc7 26.Be5 Qe7 27.Qb2 Nd7 28.Bxg7 Qxg7 29.Qd2 Qf6 30.Qa5 Rb8
31.Rb1 Qd8 32.Qd2 Qe7 33.Qc3 Rxb1 34.Rxb1 Rb8 35.Rxb8+ Nxb8 36.g4 Nd7 37.gxf5 gxf5
38.Nh1 Kf7 39.Ng3 Qd8 40.Bh5+ Ke6 41.Qg7 Qf6 42.Qxh7  1-0

[Event "Phillips&Drew"]
[Site "London"]
[Date "1980.??.??"]
[Round "6"]
[White "Stean, Michael"]
[Black "Miles, Anthony J"]
[Result "0-1"]
[WhiteElo "2530"]
[BlackElo "2545"]

1.c4 b6 2.d4 Bb7 3.Nc3 e6 4.a3 f5 5.d5 Nf6 6.g3 Bc5 7.Bg2 O-O 8.Nh3 a5 9.O-O Na6
10.b3 Qe8 11.Bb2 e5 12.e4 Qg6 13.Qc2 Ng4 14.exf5 Rxf5 15.Be4 Raf8 16.Kg2 Rxf2+
17.Rxf2 Ne3+ 18.Kh1 Nxc2 19.Rxf8+ Bxf8 20.Bxg6 Nxa1 21.Bxh7+ Kxh7 22.Bxa1 Nc5
23.Nd1 Nxb3 24.Bxe5 Nd2 25.Bxc7 Nxc4 26.Nc3 Bxa3 27.Ng5+ Kg6 28.Nge4 b5 29.Nxb5 Bxd5
30.Nc3 Bc6 31.Kg1 Bb4  0-1

[Event "Lloyds Bank"]
[Site "London"]
[Date "1980.??.??"]
[Round "9"]
[White "Miles, Anthony J"]
[Black "Sax, Gyula"]
[Result "0-1"]
[WhiteElo "2545"]
[BlackElo "2570"]

1.Nf3 Nf6 2.c4 g6 3.Nc3 Bg7 4.e4 d6 5.d4 O-O 6.Be2 e5 7.O-O Nc6 8.d5 Ne7
9.Ne1 Nd7 10.Nd3 f5 11.Bd2 Nf6 12.f3 f4 13.Rc1 g5 14.c5 Ng6 15.cxd6 cxd6
16.Nb5 Rf7 17.Qc2 Ne8 18.a4 h5 19.Nf2 Bf8 20.h3 Rg7 21.Nxa7 Bd7 22.Nb5 Nh4
23.Qb3 Kh8 24.a5 g4 25.fxg4 hxg4 26.hxg4 Nf6 27.Nc7 Nxg4 28.Bxg4 Bxg4 29.Nxg4 Rxg4
30.Rf2 Qg5 31.Qh3 Rg3 32.Qh1 Rc8 33.Be1 Bh6 34.a6 bxa6 35.Rc6 Rg8 36.Rxd6 f3
37.Rxa6 Rxg2+ 38.Rxg2 Qe3+ 39.Bf2 Rxg2+ 40.Qxg2 fxg2  0-1

[Event "Lone Pine"]
[Site "Lone Pine"]
[Date "1980.??.??"]
[Round "1"]
[White "Fedorowicz, John P"]
[Black "Miles, Anthony J"]
[Result "1-0"]
[WhiteElo "2420"]
[BlackElo "2545"]

1.e4 c5 2.Nf3 e6 3.d4 cxd4 4.Nxd4 a6 5.Bd3 Nf6 6.O-O d6 7.c4 Be7 8.Nc3 O-O
9.Qe2 Bd7 10.f4 Nc6 11.Nf3 e5 12.f5 Nd4 13.Qf2 Nxf3+ 14.gxf3 Nh5 15.Nd5 Bg5
16.Kh1 Bxc1 17.Raxc1 Bc6 18.Nb6 Nf4 19.Rfd1 Rb8 20.Bf1 g6 21.c5 gxf5 22.Rxd6 Qg5
23.Qg3 Qxg3 24.hxg3 Nh5 25.Kh2 fxe4 26.fxe4 Kg7 27.Bxa6 Nf6 28.Bd3 Ne8 29.Rd5 Bxd5
30.exd5 Rd8 31.Bf5 Nf6 32.d6 Rfe8 33.d7 Re7 34.b4 e4 35.b5 Nxd7 36.Bxd7 Rexd7
37.Nxd7 Rxd7 38.a4 e3 39.Kg2 e2 40.Re1 Rd5 41.c6 bxc6 42.b6 Rd2 43.a5 Rb2
44.Kf2 Rb5 45.Ra1  1-0

[Event "Lone Pine"]
[Site "Lone Pine"]
[Date "1980.??.??"]
[Round "2"]
[White "Miles, Anthony J"]
[Black "Reshevsky, Samuel Herman"]
[Result "1/2-1/2"]
[WhiteElo "2545"]
[BlackElo "2490"]

1.g3 g6 2.Bg2 Bg7 3.d4 d5 4.Nf3 Nf6 5.c4 O-O 6.O-O c6 7.Nbd2 Bf5 8.b3 a5
9.Bb2 Nbd7 10.Nh4 Be6 11.Qc2 c5 12.e4 dxe4 13.d5 Bg4 14.Nxe4 Nxe4 15.Bxg7 Kxg7
16.Qxe4 Nf6 17.Qe3 Qd6 18.Rae1 Rfe8 19.Qc3 a4 20.Re3 axb3 21.axb3 b5 22.Rfe1 Ra2
23.Re5 b4 24.Qe3 Rb2 25.h3 Bd7 26.g4 e6 27.f4 exd5 28.g5 Nh5 29.Bxd5 Rxe5
30.fxe5 Qe7 31.Ng2 Be6 32.h4 h6 33.gxh6+ Kh7 34.Rf1 Rc2 35.Bxe6 fxe6 36.Qe4 Rc3
37.Qa8 Qd7 38.Kh2 Qc7 39.Re1  1/2-1/2